000 00860cai a22002055a 4500
001 L155101
008 120301u2012 pl g 000 0 eng d
035 _a(Sirsi) u155101
041 0 _aeng
110 2 _aInstituto Nacional de Estadistica
_94559
245 0 0 _aConstruction and housing
_bconstruction statistics
_h[electronic resource]
260 _aMadrid
_bINE
_c2012
520 _aStatistics for the construction industry in Spain. Information is presented on the structure of the construction industry, municipal construction permits, official tenders for construction and construction supervision visas.
590 _aKA
650 2 4 _aBUILDING COST INDEX
651 4 _aSpain
690 _aCost management
_96233
856 4 0 _uhttps://www.ine.es/jaxi/menu.do?type=pcaxis&path=%2Ft07%2Fa081&file=inebase&L=1
_zView the site at www.ine.es
942 _n0
999 _c120959
_d120959